000 00514nam a2200205Ia 4500
005 20241216011045.0
008 190212s9999||||xx |||||||||||||| ||und||
082 _a641.1
_bK79
100 _aKRAUSE, MARIE V. Y OTRO
245 0 _aNUTRICION Y DIETETICA EN CLINICA
250 _a5
260 _aMEXICO
_bINTERAMERICANA
_c1975
300 _a678 pag
_c26 cm
341 _h0
490 _v0
_a0
541 _aC
_d28-Jan-94
_oSoles
650 _aCIENCIAS APLICADAS
856 _zCiencias Aplicadas
942 _cLIBRO
999 _c31459
_d31459